Statistics for Top 10 Countries With Fastest Growing Population

Click here to take the quiz!

General Stats

  • This quiz has been taken 123 times
  • The average score is 8 of 10

Answer Stats

Pop. GrowthCountry% Correct
106,074,371 China
97%
257,569,455 India
97%
59,325,239 Nigeria
91%
38,877,890 United States
91%
32,061,087 Brazil
86%
46,023,387 Indonesia
86%
50,674,387 Pakistan
85%
29,714,903 Bangladesh
78%
32,947,147 Ethiopia
74%
29,218,150 Democratic Republic of the Congo
62%

Score Distribution

Percentile by Number Answered

Percent of People with Each Score

Your Score History

You have not taken this quiz